000 00360nam a22001457a 4500
082 _a891.439
_bASH
100 _aWahab Ashrafi
245 _aMusnavi Seher-ul-Bayan
260 _c2012
300 _a135p.
563 _aHB
880 _6100-01\(3\r
_aوہاب اشرفی
880 _6245-02\(3\r
_aمثنوی سحرُ البیان
942 _2ddc
_cBK
999 _c614351
_d614351